[Event "Wch U10 blitz"]
[Site "Batumi"]
[Date "2023.06.10"]
[Round "2"]
[White "Rahbar, Aihan"]
[Black "Garbuzov, Artem"]
[Result "1-0"]
[WhiteElo "1665"]
[BlackElo "1262"]
[PlyCount "93"]
[EventDate "2023.06.10"]
[EventType "swiss (blitz)"]
[EventRounds "11"]
[EventCountry "GEO"]
[SourceTitle "EXT 2024"]
[Source "ChessBase"]
[SourceDate "2023.10.10"]
[SourceVersion "1"]
[SourceVersionDate "2023.10.10"]
[SourceQuality "1"]
[WhiteTeam "Iran"]
[BlackTeam "Russia"]
[WhiteTeamCountry "IRI"]
[BlackTeamCountry "RUS"]

1. e4 e5 2. Nf3 Nc6 3. Bc4 Bc5 4. Bb3 d6 5. c3 Nf6 6. 0-0 0-0 7. Re1 Bg4 8. h3 Bh5 9. d3 Qd7 10. Nbd2 Rad8 11. Nf1 d5 12. exd5 Nxd5 13. Ng3 Bxf3 14. Qxf3 Nf6 15. Bc2 Rfe8 16. Bg5 Re6 17. d4 exd4 18. Bxf6 Rxf6 19. Qd3 g6 20. Ne4 Rf5 21. g4 Ne5 22. Qg3 Nf3+ 23. Kh1 Nxe1 24. gxf5 Qxf5 25. Rxe1 d3 26. Bxd3 Rxd3 27. Qxd3 Bxf2 28. Nxf2 Qxf2 29. Qd8+ Kg7 30. Qd4+ Qxd4 31. cxd4 Kf6 32. Kg2 Kf5 33. Re7 Kf6 34. Rxc7 Ke6 35. Rxb7 Kd5 36. Rxa7 Kxd4 37. Rxf7 Kd3 38. Rxh7 Kc2 39. a4 Kxb2 40. Rc7 g5 41. a5 g4 42. a6 gxh3+ 43. Kxh3 Kb3 44. a7 Kb2 45. a8Q Kb1 46. Qb8+ Ka2 47. Ra7# 1-0

[Event "Eastern Asia-ch U08"]
[Site "Tornelo INT"]
[Date "2021.10.29"]
[Round "1"]
[White "Mrinmoy Hazarika, Krishnav"]
[Black "Rahbar, Aihan"]
[Result "0-1"]
[WhiteElo "1063"]
[BlackElo "1277"]
[PlyCount "94"]
[EventDate "2021.10.29"]
[EventType "swiss"]
[EventRounds "9"]
[EventCountry "NET"]
[SourceTitle "EXT 2023"]
[Source "ChessBase"]
[SourceDate "2022.10.05"]
[SourceVersion "1"]
[SourceVersionDate "2022.10.05"]
[SourceQuality "1"]

1. e4 e5 2. Nf3 Nc6 3. Bc4 Nf6 4. Ng5 Bc5 5. Bxf7+ Ke7 6. Bc4 Rf8 7. 0-0 d6 8. d3 h6 9. Nf3 Bg4 10. h3 Bh5 11. Nc3 Nd4 12. Nd5+ Nxd5 13. Bxd5 Nxf3+ 14. gxf3 Bxf3 15. Qe1 Rf6 16. Kh2 Rg6 17. Rg1 Qe8 18. Bxb7 Rxg1 19. Qxg1 Rb8 20. Bd5 Qf8 21. Qg3 Bd1 22. Be3 Bxe3 23. fxe3 Bxc2 24. d4 Rxb2 25. Kh1 Bd3 26. dxe5 Be2 27. exd6+ Kd7 28. dxc7 Bf3+ 29. Kg1 Rg2+ 30. Qxg2 Bxg2 31. Kxg2 Kxc7 32. Rc1+ Kd7 33. Bc6+ Kd6 34. Rf1 Qg8 35. Bd5 Qc8 36. Rf7 Qc2+ 37. Kf3 Qd1+ 38. Kg3 Qg1+ 39. Kf4 Qf2+ 40. Kg4 h5+ 41. Kxh5 Qg3 42. Rxa7 Qxh3+ 43. Kg6 Qg4+ 44. Kf7 Qf3+ 45. Ke8 Qh5+ 46. Bf7 Qh8+ 47. Bg8 Qxg8# 0-1